Community service agencies of Hawaii ; a brief guide /

Bibliographic Details
Corporate Author: University of Hawaii (Honolulu). Industrial Relations Center
Other Authors: Ferguson, John Bodley, Najita, Joyce M.
Format: Book
Language:English
Published: [Honolulu] : Industrial Relations Center, University of Hawaii, 1972.
Edition:2d ed.
Subjects:

MARC

Tag First Indicator Second Indicator Subfields
LEADER 00000cam a2200000 4500
001 in00000048518
005 20151007071641.0
008 730927r19721968hiu r 00100 eng
010 |a  73170425  
035 |a (OCoLC)00723461 
035 |9 AAE6372AM 
037 |c $2.50 
040 |a DLC  |c DLC  |d TXA  |d UtOrBLW 
043 |a n-us-hi 
049 |a TXAM  |c [1336171] 
050 0 0 |a HV98.H3  |b C64 1972 
082 0 |a 362/.9969 
245 0 0 |a Community service agencies of Hawaii ;  |b a brief guide /  |c Edited by John B. Ferguson and Joyce M. Najita. 
250 |a 2d ed. 
264 1 |a [Honolulu] :  |b Industrial Relations Center, University of Hawaii,  |c 1972. 
300 |a vii, 100 pages ;  |c 28 cm. 
336 |a text  |b txt  |2 rdacontent 
337 |a unmediated  |b n  |2 rdamedia 
338 |a volume  |b nc  |2 rdacarrier 
500 |a Previously published in 1968, edited by H. S. Roberts and B. C. Sigal. 
650 0 |a Social service  |z Hawaii  |x Directories. 
700 1 |a Ferguson, John Bodley. 
700 1 |a Najita, Joyce M. 
710 2 |a University of Hawaii (Honolulu).  |b Industrial Relations Center. 
999 |a MARS 
999 f f |s eae18579-8e84-329b-9f04-6ed9f02bd020  |i 2ca2cf7c-175b-33d1-82dc-7d1e6a2a9051  |t 0 
952 f f |p ric  |a Texas A&M University  |b Rellis Campus  |c Joint Library Facility  |d Remote Storage  |t 0  |e HV98.H3 C64 1972  |h Library of Congress classification  |i unmediated -- volume  |m A14803013790 
998 f f |a HV98.H3 C64 1972  |t 0  |l Remote Storage